000 00419nam a2200109 4500
999 _c514748
_d514748
082 _aL906x54444 C/F/2019-20
245 _aState finance audit report of the Comptroller and Auditor General of India for the year ended March 2019
260 _aBangalore
_bGovernment of Karnataka
_c2020
300 _a157p.
650 _aAuditing - India - Karnataka
_919586
700 _aKarnataka. Indian Audit and Accounts Department
_919587